La familia en la perspectiva del año 2000: modalidades e influencias de los medios de comunicación

Saved in:
書目詳細資料
格式: 圖書
語言:西班牙语
出版: Bogotá Magisterio 1993
叢編:Colección Mesa Redonda, 18
主題:
標簽: 添加標簽
沒有標簽, 成為第一個標記此記錄!

MARC

LEADER 00000nam a2200000 a 4500
001 UCU2152
003 CL-VaPUC
008 960419e19930000CK |||||||||||||||||spa|d
082 0 4 |a 306.85  |b FAM  |2 21 
245 1 3 |a La familia en la perspectiva del año 2000: modalidades e influencias de los medios de comunicación 
300 |a 102 p 
942 |c BK 
945 |d 19960419 00:00:00  |a rleighto 
260 |a Bogotá  |b Magisterio  |c 1993 
650 0 |a Familias   |9 255641 
650 0 |a Comunicación   |9 257251 
650 0 |a Relaciones interpersonales  |9 307056 
650 0 |a Medios de comunicación  |9 257206 
650 0 |a Familia monoparental  |9 316157 
583 |a last modification  |c 20180227 06:08:54  |k Rodrigo Vera 
490 0 |a Colección Mesa Redonda, 18 
999 |c 246529  |d 246527 
952 |0 0  |1 0  |4 0  |6 306_850000000000000_FAM_1993  |7 0  |8 A  |9 261591  |a BIBEDU  |b BIBEDU  |d 2019-11-19  |i 3192318  |l 1  |o 306.85 FAM 1993  |p 3192318  |r 2023-03-01  |s 2022-12-06  |w 2019-11-19  |y BK  |k EDU 
952 |0 0  |1 0  |4 0  |6 306_850000000000000_FAM_1993  |7 0  |8 A  |9 261592  |a BIBEDU  |b BIBEDU  |d 2019-11-19  |i 3298930  |o 306.85 FAM 1993  |p 3298930  |r 2019-11-19  |w 2019-11-19  |y BK  |k EDU 
952 |0 0  |1 0  |4 0  |6 306_850000000000000_FAM_1993  |7 0  |8 A  |9 261593  |a BIBEDU  |b BIBEDU  |d 2019-11-19  |i 3298949  |o 306.85 FAM 1993  |p 3298949  |r 2019-11-19  |w 2019-11-19  |y BK  |k EDU 
952 |0 0  |1 0  |4 0  |6 306_850000000000000_FAM_1993  |7 0  |8 A  |9 261594  |a BIBEDU  |b BIBEDU  |d 2019-11-19  |i 3829707  |o 306.85 FAM 1993  |p 3829707  |r 2019-11-19  |w 2019-11-19  |y BK  |k EPE